Law of Criminal Procedure : (Record no. 6987)
[ view plain ]
| 000 -LEADER | |
|---|---|
| fixed length control field | 00610nam a22002177a 4500 |
| 003 - CONTROL NUMBER IDENTIFIER | |
| control field | BUBTL |
| 008 - FIXED-LENGTH DATA ELEMENTS--GENERAL INFORMATION | |
| fixed length control field | 230319b ||||| |||| 00| 0 eng d |
| 020 ## - INTERNATIONAL STANDARD BOOK NUMBER | |
| International Standard Book Number | 9844641624 |
| 082 ## - DEWEY DECIMAL CLASSIFICATION NUMBER | |
| Classification number | 345.05/ Ak55l/ 2006 |
| 100 ## - MAIN ENTRY--PERSONAL NAME | |
| 9 (RLIN) | 4138 |
| Personal name | Akkas, Sarkar Ali |
| 245 ## - TITLE STATEMENT | |
| Title | Law of Criminal Procedure : |
| Remainder of title | Sarkar Ali Akkas |
| 250 ## - EDITION STATEMENT | |
| Edition statement | 1st edn. |
| 260 ## - PUBLICATION, DISTRIBUTION, ETC. (IMPRINT) | |
| Place of publication, distribution, etc. | Dhaka |
| Name of publisher, distributor, etc. | Ankur Prokashani |
| Date of publication, distribution, etc. | c2006 |
| 300 ## - PHYSICAL DESCRIPTION | |
| Extent | [xv], 447p. : |
| Other physical details | 21 cm. |
| 500 ## - GENERAL NOTE | |
| General note | Includes Index |
| 650 #0 - SUBJECT ADDED ENTRY--TOPICAL TERM | |
| 9 (RLIN) | 26 |
| Topical term or geographic name as entry element | Law |
| 700 ## - ADDED ENTRY--PERSONAL NAME | |
| 9 (RLIN) | 4138 |
| Personal name | Akkas, Sarkar Ali |
| 856 ## - ELECTRONIC LOCATION AND ACCESS | |
| Password | 0 |
| Logon | 0 |
| Link text | Download |
| 942 ## - ADDED ENTRY ELEMENTS (KOHA) | |
| Source of classification or shelving scheme | |
| Koha item type | Books |
| Withdrawn status | Lost status | Source of classification or shelving scheme | Damaged status | Not for loan | Collection code | Permanent location | Current location | Shelving location | Date acquired | Source of acquisition | Inventory number | Total Checkouts | Full call number | Barcode | Date last seen | Copy number | Price effective from | Koha item type | Total Renewals | Date last checked out |
|---|---|---|---|---|---|---|---|---|---|---|---|---|---|---|---|---|---|---|---|---|
| Non-fiction | Bangladesh University of Business and Technology Library | Bangladesh University of Business and Technology Library | Law Stacks | 07/30/2013 | Purchase | 16572 | 345.05/ Ak55l/ 2006 | BUBTL-200316572 | 03/19/2023 | C-1 | 03/19/2023 | Books | ||||||||
| Non-fiction | Bangladesh University of Business and Technology Library | Bangladesh University of Business and Technology Library | Law Stacks | 07/30/2013 | Purchase | 16573 | 5 | 345.05/ Ak55l/ 2006 | BUBTL-200316573 | 05/28/2024 | C-2 | 03/19/2023 | Books | 1 | 05/14/2024 | |||||
| Non-fiction | Bangladesh University of Business and Technology Library | Bangladesh University of Business and Technology Library | Law Stacks | 07/30/2013 | Purchase | 16574 | 345.05/ Ak55l/ 2006 | BUBTL-200316574 | 03/19/2023 | C-3 | 03/19/2023 | Books | ||||||||
| Non-fiction | Bangladesh University of Business and Technology Library | Bangladesh University of Business and Technology Library | Law Stacks | 07/30/2013 | Purchase | 16575 | 345.05/ Ak55l/ 2006 | BUBTL-200316575 | 03/19/2023 | C-4 | 03/19/2023 | Books | ||||||||
| Non-fiction | Bangladesh University of Business and Technology Library | Bangladesh University of Business and Technology Library | Law Stacks | 07/30/2013 | Purchase | 16576 | 1 | 345.05/ Ak55l/ 2006 | BUBTL-200316576 | 05/26/2024 | C-5 | 03/19/2023 | Books | 05/16/2024 | ||||||
| Non-fiction | Bangladesh University of Business and Technology Library | Bangladesh University of Business and Technology Library | Law Stacks | 07/30/2013 | Purchase | 16577 | 345.05/ Ak55l/ 2006 | BUBTL-200316577 | 03/19/2023 | C-6 | 03/19/2023 | Books | ||||||||
| Non-fiction | Bangladesh University of Business and Technology Library | Bangladesh University of Business and Technology Library | Law Stacks | 07/30/2013 | Purchase | 16578 | 2 | 345.05/ Ak55l/ 2006 | BUBTL-200316578 | 05/09/2024 | C-7 | 03/19/2023 | Books | 05/02/2024 | ||||||
| Non-fiction | Bangladesh University of Business and Technology Library | Bangladesh University of Business and Technology Library | Law Stacks | 07/30/2013 | Purchase | 16579 | 345.05/ Ak55l/ 2006 | BUBTL-200316579 | 03/19/2023 | C-8 | 03/19/2023 | Books | ||||||||
| Non-fiction | Bangladesh University of Business and Technology Library | Bangladesh University of Business and Technology Library | Law Stacks | 07/30/2013 | Purchase | 16580 | 1 | 345.05/ Ak55l/ 2006 | BUBTL-200316580 | 10/04/2023 | C-9 | 03/19/2023 | Books | 10/01/2023 | ||||||
| Not For Loan | Non-fiction | Bangladesh University of Business and Technology Library | Bangladesh University of Business and Technology Library | Law Stacks | 07/30/2013 | Purchase | 16581 | 345.05/ Ak55l/ 2006 | BUBTL-200316581 | 03/19/2023 | C-10 | 03/19/2023 | Books |
